| Tag |
First Indicator |
Second Indicator |
Subfields |
| LEADER |
00000cam a2200000 a 4500 |
| 001 |
in00001152621 |
| 005 |
20151001061842.0 |
| 007 |
hd afb???buca |
| 008 |
931207s1984 cau a 000 0 eng d |
| 035 |
|
|
|a (OCoLC)29442402
|
| 035 |
|
|
|9 AGD4278AM
|
| 040 |
|
|
|a TXA
|c TXA
|d UtOrBLW
|
| 049 |
|
|
|a TXAI
|
| 099 |
|
|
|a film
|a B
|a 3795.3
|a reel 2
|a frame
|a 182
|
| 245 |
0 |
4 |
|a The Rand winter study on nonnuclear strategic weapons :
|b executive summary /
|c Carl Builder [and others] ; prepared for the United States Air Force.
|
| 264 |
|
1 |
|a Santa Monica, CA :
|b Rand Corporation,
|c [1984]
|
| 300 |
|
|
|a viii, 35 pages ;
|c 28 cm.
|
| 336 |
|
|
|a text
|b txt
|2 rdacontent
|
| 337 |
|
|
|a microform
|b h
|2 rdamedia
|
| 338 |
|
|
|a microfilm reel
|b hd
|2 rdacarrier
|
| 490 |
1 |
|
|a A Rand note ;
|v N-2227-AF
|
| 500 |
|
|
|a "December 1984."
|
| 533 |
|
|
|a Microfilm.
|b Frederick, Md. :
|c University Publications of America,
|d 1987.
|e On reel 2 of 7 microfilm reels ; 35 mm.
|f (Special studies series. Nuclear weapons, arms control, and the threat of thermonuclear war. Third supplement, 1985-1986).
|
| 539 |
|
|
|a s
|b 1987
|d mdu
|e n
|g a
|
| 500 |
|
|
|a Microform.
|
| 650 |
|
0 |
|a Warfare, Conventional.
|
| 650 |
|
0 |
|a Strategic materials.
|
| 650 |
|
0 |
|a Weapons systems.
|
| 700 |
1 |
|
|a Builder, Carl H.
|
| 830 |
|
0 |
|a Rand note ;
|v N-2227-AF.
|
| 830 |
|
0 |
|a Special studies series.
|p Nuclear weapons, arms control, and the threat of thermonuclear war.
|p Third supplement, 1985-1986.
|
| 999 |
|
|
|a MARS
|
| 999 |
f |
f |
|s 47f622a9-0b38-32bf-b139-6ec316dae278
|i 2d3ac506-3733-35f9-8ca2-aeb391fd59e5
|t 0
|
| 952 |
f |
f |
|p default
|a Texas A&M University
|b College Station
|c Sterling C. Evans Library
|d Evans: Microforms (3rd floor)
|t 0
|e film B 3795.3 reel 2 frame 182
|h Other scheme
|i microform -- microfilm reel
|
| 998 |
f |
f |
|a film B 3795.3 reel 2 frame 182
|t 0
|l Evans: Microforms (3rd floor)
|